शताब्दी पुरूष सहजानन्द वर्णी : (Record no. 29089)

MARC details
000 -LEADER
fixed length control field 01522nam a22003017a 4500
005 - DATE AND TIME OF LATEST TRANSACTION
control field 20090811103411.0
008 - FIXED-LENGTH DATA ELEMENTS--GENERAL INFORMATION
fixed length control field 090807t xxu||||| |||| 00| 0 hin d
010 ## - LCCN (DPL NO)
LC control number HIN-87721
020 ## - INTERNATIONAL STANDARD BOOK NUMBER
International Standard Book Number 8172770502
Terms of availability 250.00
035 ## - SYSTEM CONTROL NUMBER
System control number HN-60067
037 ## - SOURCE OF ACQUISITION
Source of stock number/acquisition DBAD / PUB
040 ## - CATALOGING SOURCE
Original cataloging agency dpl
Language of cataloging hn
082 ## - DEWEY DECIMAL CLASSIFICATION NUMBER
Classification number 240.35
245 ## - TITLE STATEMENT
Title शताब्दी पुरूष सहजानन्द वर्णी :
Statement of responsibility, etc अशोक सहजानन्द द्वारा संपादित
Remainder of title व्यक्ति और विचार /
246 ## - VARYING FORM OF TITLE
Title proper/short title Shtabadipurush Sahajanand Varni: vyakti aur vichar
Remainder of title Edited by Ashok Sahajanand
260 ## - PUBLICATION, DISTRIBUTION, ETC. (IMPRINT)
Place of publication, distribution, etc दिल्ली
Name of publisher, distributor, etc रिसर्च बुक्स
Date of publication, distribution, etc 2009
270 ## - ADDRESS
Address बी-5/263 यमुना विहार
City दिल्ली
Postal code 110053
Telephone number 011-65278761
300 ## - PHYSICAL DESCRIPTION
Extent खंड-1 (243पृ.)
Dimensions 22सेमी (सजिल्द)
500 ## - GENERAL NOTE
General note (खंड-1) केवल खंड-1 उपलब्ध है ।
600 ## - SUBJECT ADDED ENTRY--PERSONAL NAME
Personal name सहजानन्द वर्णी
600 ## - SUBJECT ADDED ENTRY--PERSONAL NAME
Personal name Sahajanand Varni
650 ## - SUBJECT ADDED ENTRY--TOPICAL TERM
Topical term or geographic name as entry element जैन धर्म
650 ## - SUBJECT ADDED ENTRY--TOPICAL TERM
Topical term or geographic name as entry element Jainism
700 ## - ADDED ENTRY--PERSONAL NAME
Personal name सहजानन्द, अशोक
700 ## - ADDED ENTRY--PERSONAL NAME
Personal name यादव, दीदार सिंह
942 ## - ADDED ENTRY ELEMENTS (KOHA)
Source of classification or shelving scheme Dewey Decimal Classification
Item type Hindi Books
Call number suffix शताब्दी
Classification part 240.35
Holdings
Withdrawn status Lost status Source of classification or shelving scheme Damaged status Not for loan Home library Current library Date acquired Source of acquisition Cost, normal purchase price Total Checkouts Full call number Barcode Date last seen Copy number Cost, replacement price Koha item type
    Dewey Decimal Classification   Not For Loan D.B.Act.Division D.B.Act.Division 11/08/2009 DBAD / PUB 250.00   240.35 शताब्दी HN-60067 11/08/2009 1 250.00 Hindi Books

© Delhi Public Library
Hit Counter
free hit counter